| 000 | 01043nam0a22002651 4500 | ||
|---|---|---|---|
| 001 | v19\rc\1921467 | ||
| 005 | 20080404180355.6 | ||
| 035 | _a(NLR Aleph) 005008108 | ||
| 090 |
_a6458130 _c6458130 |
||
| 100 | _a20080404d1912 |||y0rusy50 ca | ||
| 101 | 0 | _arus | |
| 102 | _aRU | ||
| 105 | _ay z ||||| | ||
| 200 | 1 |
_aПояснительная записка к проекту сооружений для удаления и обезвреживания сточных вод гор. Ростова н/Д _f[Инж. Ю. Думпе] _g[С прил. А. Калужского] |
|
| 210 |
_aРостов-на-Дону _cтип. П.Т. Харитонова _d1912 |
||
| 215 |
_a51, 11 с. _d25 |
||
| 300 | _aАвт. указан в конце текста | ||
| 700 | 1 |
_aДумпе _bЮ. |
|
| 702 | 1 |
_aКалужский _bА. А. _f1870-1940 _gАлександр Александрович _4570 |
|
| 801 | 0 |
_aRU _bNLR _gpsbo |
|
| 801 | 0 |
_aRU _bRuMoRGB _2psbo |
|
| 801 | 1 |
_aRU _bProSoft-M _2rusmarc |
|
| 852 |
_aNLR _j68-7/1267 |
||
| 942 | _cBOOK | ||
| 980 | _aNB | ||